00601nam a2200145 i 450000100060000000300090000600500170001500700030003200800410003511000530007624501720012926000990030130000210040085200340042145960ES-MaACL20230906161315.0t|030327s1958 be ||||1| fre d2 aCommunauté Européenne de l'Energie Atomique.10aEuraton La Commission b: premier rapport general sur l'activité de la Communauté (janvier 1958- septembre 1958) / cCommunauté Europeenne de l'Energie Atomique. a[S.l. : bs.n., c1958] (eBruxelles : fService des Publications des Communautes Europeennes) a84 p. ; c23 cm. aES-MaACLj2014-F-16 bR.43723